000 00364 a2200121 4500
001 ART_12699
005 20260410161909.0
008 260409a
245 1 0 _aMacroeconomic models with quantity rationing
100 1 _aMuellbauer, John
700 1 _aPortes, Richard
773 0 _tThe Economic Journal
_g- Vol. 88, NÂș 352 (dic. 1978)
_wREV12512
999 _c26592
_d26592